| 000 | 00477nam a22001697a 4500 | ||
|---|---|---|---|
| 003 | OSt | ||
| 005 | 20221031211605.0 | ||
| 008 | 221006b |||||||| |||| 00| 0 eng d | ||
| 040 | _cBiblioteca Lado V | ||
| 082 |
_bA864a _a750 |
||
| 130 |
_aAtelier Remy Bucciali _lfrc |
||
| 245 | _aAtelier Remy Bucciali/ | ||
| 260 |
_bGalerie AMC Mulhouse _aFrancia |
||
| 300 |
_a69p. _c15x22cm |
||
| 700 |
_aHlavajova, Maria _eeditor |
||
| 942 |
_2ddc _c1 _h750 _iA864a _n0 |
||
| 999 |
_c2458 _d2458 |
||